Han Solo at Star's End : from the adventures of Luke Skywalker ; based on the characters and situations created by George Lucas /

Bibliographic Details
Main Author: Daley, Brian
Format: Book
Language:English
Published: New York : Ballantine Books, 1979.
Edition:[Book club edition].

MARC

Tag First Indicator Second Indicator Subfields
LEADER 00000cam a2200000 i 4500
001 in00000648613
005 20170428144327.0
008 800111s1979 nyu 00011 eng d
035 |a (OCoLC)05867532 
035 |9 ACW1397AM 
040 |a CCR  |c CCR  |d TXA  |d UtOrBLW 
049 |a TXAS  |c 2 [A08611276]  |a TXAM  |c 1 [1653274] 
090 |a PS3554.A417  |b H32 1979a 
100 1 |a Daley, Brian. 
245 1 0 |a Han Solo at Star's End :  |b from the adventures of Luke Skywalker ; based on the characters and situations created by George Lucas /  |c by Brian Daley. 
250 |a [Book club edition]. 
264 1 |a New York :  |b Ballantine Books,  |c 1979. 
300 |a 187 pages ;  |c 22 cm. 
336 |a text  |b txt  |2 rdacontent 
337 |a unmediated  |b n  |2 rdamedia 
338 |a volume  |b nc  |2 rdacarrier 
500 |a "A Del Rey book." 
500 |a Edition statement taken from dust jacket. 
999 |a MARS 
999 f f |s 8b7e6020-15e3-364d-9e57-3591bfd664bc  |i 71b0811b-353d-3664-ab29-b15e057915cc  |t 0 
952 f f |p ric  |a Texas A&M University  |b Rellis Campus  |c Joint Library Facility  |s JLF  |d Remote Storage  |t 0  |e PS3554.A417 H32 1979a  |h Library of Congress classification  |i unmediated -- volume  |m A14850236499 
998 f f |a PS3554.A417 H32 1979a  |t 0  |l Remote Storage